000 00581nam a2200217Ia 4500
005 20250508163755.0
008 008 250505s9999 xx 000 0 eng d
020 _a0395-48277-1
037 _aTextual
040 _aFEDL
_beng
_cFEDL
041 _aeng
_2eng
084 _a338.5, BOY
_qFEDL
100 _aBoyes William
245 0 _aMicroeconomics
260 _aBoston, USA
_bHoughton Mifflin Company
_c1991
300 _axxxi,673p.
365 _aGBP
_b13.95
700 _a Melvin Michael
_9776298
942 _cTEXL
_h338.5, BOY
999 _c1385180
_d1385180